000 01240nam a22002417a 4500
999 _c63170
_d63170
005 20240530110627.0
008 170105s2015 ua bk g b 000 0 ara d
017 _a2015/3151
_bمصر. دار الكتب
020 _a9789772739356
040 _aEG-CaGPL
_cEG-CaGPL
082 0 4 _221
_a953.0711\
_bإ ت
100 0 _aابراهيم عبدالمنعم سلامة ابو العلا
245 1 2 _aالتاريخ السياسى و الحضارى لكورة استجة الاندلسية منذ الفتح الاسلامى حتى نهاية عصر الدولة الاموية :
_b( 92 - 422 هـ / 711 - 1031 م ) /
_cابراهيم عبدالمنعم سلامة ابو العلا
260 _aالاسكندرية :
_bدار المعرفة الجامعية ،
_c2015.
300 _a190 ص. :
_bايض ؛
_c24 سم.
504 _aيشتمل على ارجاعات ببليوجرافية
650 0 7 _2qrmak
_aالدولة الاموية
_xتاريخ
650 0 7 _2qrmak
_aالدولة الاموية
_xالاحوال السياسية
650 0 7 _2qrmak
_aالحضارة الاسلامية
651 0 7 _2qrmak
_aالاندلس
_xتاريخ
_xالخلفاء الامويون
942 _2ddc
_cBK